[Event "EYCC Open U20 2021"]
[Site "Tornelo"]
[Date "2021.10.15"]
[Round "3.2"]
[White "Garayev, Kanan"]
[Black "Murzin, Volodar"]
[Result "0-1"]
[WhiteElo "2339"]
[BlackElo "2513"]
[Annotator "ChessBase"]
[PlyCount "110"]
[EventDate "2021.10.15"]
[EventType "swiss"]
[EventCountry "NET"]
[SourceTitle "playchess.com"]
[Source "ChessBase"]
[SourceQuality "1"]
[TimeControl "5400+30"]

1. e4 {[%emt 0:00:30]} g6 {[%emt 0:03:32]} 2. d4 {[%emt 0:00:14]} Bg7 {[%emt 0:00:13]} 3. Nc3 {[%emt 0:00:54]} d6 {[%emt 0:00:28]} 4. g3 {[%emt 0:00:46]} Nf6 {[%emt 0:00:55]} 5. Bg2 {[%emt 0:00:03]} O-O {[%emt 0:00:15]} 6. Nge2 {[%emt 0:00:13]} Nbd7 {[%emt 0:01:11]} 7. O-O {[%emt 0:00:47]} e5 {[%emt 0:00:28]} 8. h3 {[%emt 0:01:16]} Re8 {[%emt 0:00:19]} 9. Re1 {[%emt 0:01:01]} c6 {[%emt 0:01:31]} 10. a4 {[%emt 0:00:22]} a5 {[%emt 0:00:42]} 11. Be3 {[%emt 0:02:32]} Qc7 {[%emt 0:03:11]} 12. Qd2 {[%emt 0:02:23]} exd4 {[%emt 0:03:00]} 13. Nxd4 {[%emt 0:01:42]} Nc5 {[%emt 0:01:10]} 14. Bf4 {[%emt 0:05:10]} Nfd7 {[%emt 0:00:42]} 15. Rad1 {[%emt 0:09:05]} Ne5 {[%emt 0:01:26]} 16. b3 {[%emt 0:04:52]} Qb6 {[%emt 0:06:29]} 17. Be3 {[%emt 0:02:49]} Qb4 {[%emt 0:08:58]} 18. Nb1 {[%emt 0:02:07]} Qb6 {[%emt 0:05:19]} 19. Na3 {[%emt 0:02:54]} Qc7 {[%emt 0:07:00]} 20. f4 {[%emt 0:07:33]} Ned7 {[%emt 0:00:34]} 21. Ndb5 {[%emt 0:02:38]} cxb5 {[%emt 0:01:28]} 22. Nxb5 {[%emt 0:00:03]} Qb8 {[%emt 0:04:53]} 23. Nxd6 {[%emt 0:00:56]} Re6 {[%emt 0:08:26]} 24. e5 {[%emt 0:01:31]} Ra6 {[%emt 0:02:44]} 25. Bd5 {[%emt 0:02:48]} Re7 {[%emt 0:02:15]} 26. f5 {[%emt 0:21:25]} Nxe5 {[%emt 0:12:46]} 27. Nxf7 {[%emt 0:06:53]} Rxf7 {[%emt 0:10:53]} 28. Bxf7+ {[%emt 0:04:33]} Nxf7 {[%emt 0:00:26]} 29. Bf4 {[%emt 0:07:31]} Qa7 {[%emt 0:02:28]} 30. Re8+ {[%emt 0:00:09]} Bf8 {[%emt 0:00:03]} 31. Bh6 {[%emt 0:04:51]} Nd7+ {[%emt 0:03:48]} 32. Be3 {[%emt 0:00:22]} Qb8 {[%emt 0:00:56]} 33. Bf4 {[%emt 0:00:34]} Qa7+ {[%emt 0:03:18]} 34. Be3 {[%emt 0:00:06]} Qa8 {[%emt 0:01:05]} 35. fxg6 {[%emt 0:02:52]} hxg6 {[%emt 0:01:50]} 36. Qxd7 {[%emt 0:01:49]} Bxd7 {[%emt 0:00:49]} 37. Rxa8 {[%emt 0:00:02]} Rxa8 {[%emt 0:00:03]} 38. Rxd7 {[%emt 0:00:01]} Rb8 {[%emt 0:02:34]} 39. Bf4 {[%emt 0:01:17]} Rc8 {[%emt 0:00:05]} 40. Rc7 {[%emt 0:02:04]} Rxc7 {[%emt 0:00:31]} 41. Bxc7 {[%emt 0:00:02]} Bb4 {[%emt 0:00:02]} 42. Kf1 {[%emt 0:00:18]} Kf8 {[%emt 0:01:02]} 43. Ke2 {[%emt 0:00:22]} Ke7 {[%emt 0:00:07]} 44. Kd3 {[%emt 0:00:21]} Kd7 {[%emt 0:00:59]} 45. c3 {[%emt 0:01:05]} Bxc3 {[%emt 0:01:23]} 46. Kxc3 {[%emt 0:00:28]} Kxc7 {[%emt 0:00:03]} 47. Kc4 {[%emt 0:00:27]} Kc6 {[%emt 0:00:31]} 48. b4 {[%emt 0:01:02]} Nd6+ {[%emt 0:00:08]} 49. Kc3 {[%emt 0:00:27]} axb4+ {[%emt 0:00:07]} 50. Kxb4 {[%emt 0:00:01]} Ne4 {[%emt 0:00:02]} 51. Kc4 {[%emt 0:00:42]} Nxg3 {[%emt 0:00:05]} 52. Kd4 {[%emt 0:00:08]} g5 {[%emt 0:00:48]} 53. Ke3 {[%emt 0:00:33]} Kb6 {[%emt 0:00:23]} 54. Kf3 {[%emt 0:00:02]} Nh5 {[%emt 0:00:04]} 55. Kg4 {[%emt 0:00:11]} Nf4 {[%emt 0:00:02]} 0-1

[Event "EYCC Open U20 2021"]
[Site "Tornelo"]
[Date "2021.10.15"]
[Round "3.3"]
[White "Dudin, Gleb"]
[Black "Rozen, Eytan"]
[Result "1-0"]
[WhiteElo "2438"]
[BlackElo "2386"]
[Annotator "NA"]
[PlyCount "103"]
[EventDate "2021.10.15"]
[EventType "swiss"]
[EventCountry "NET"]
[SourceTitle "playchess.com"]
[Source "ChessBase"]
[SourceQuality "1"]
[TimeControl "5400+30"]

1. d4 {[%emt 0:00:30]} d5 {[%emt 0:01:00]} 2. c4 {[%emt 0:00:06]} c6 {[%emt 0:00:01]} 3. Nf3 {[%emt 0:00:05]} Nf6 {[%emt 0:00:03]} 4. Nc3 {[%emt 0:00:04]} e6 {[%emt 0:00:05]} 5. Bg5 {[%emt 0:00:05]} Nbd7 {[%emt 0:00:12]} 6. e3 {[%emt 0:00:04]} Qa5 {[%emt 0:00:14]} 7. cxd5 {[%emt 0:00:19]} exd5 {[%emt 0:00:50]} 8. Nd2 {[%emt 0:00:38]} Ne4 {[%emt 0:02:37]} 9. Ncxe4 {[%emt 0:08:36]} dxe4 {[%emt 0:00:04]} 10. Bh4 {[%emt 0:00:26]} Nf6 {[%emt 0:11:02]} 11. Bc4 {[%emt 0:17:44]} Bg4 {[%emt 0:05:52]} 12. Qc2 {[%emt 0:02:13]} Bb4 {[%emt 0:02:56]} 13. Bxf6 {[%emt 0:18:04]} Bxd2+ {[%emt 0:00:12]} 14. Qxd2 {[%emt 0:00:06]} Qxd2+ {[%emt 0:00:04]} 15. Kxd2 {[%emt 0:00:05]} gxf6 {[%emt 0:00:02]} 16. Rhc1 {[%emt 0:01:07]} Ke7 {[%emt 0:03:17]} 17. Rc3 {[%emt 0:02:05]} Be6 {[%emt 0:03:32]} 18. Rac1 {[%emt 0:01:24]} Rhg8 {[%emt 0:01:21]} 19. g3 {[%emt 0:01:00]} Rg5 {[%emt 0:00:14]} 20. h4 {[%emt 0:00:51]} Rf5 {[%emt 0:01:15]} 21. Ke1 {[%emt 0:01:23]} Rd8 {[%emt 0:01:00]} 22. Bf1 {[%emt 0:02:14]} Ra5 {[%emt 0:05:40]} 23. a3 {[%emt 0:00:17]} Rad5 {[%emt 0:01:54]} 24. Bc4 {[%emt 0:04:57]} Ra5 {[%emt 0:02:02]} 25. Be2 {[%emt 0:00:13]} Rad5 {[%emt 0:00:49]} 26. Rb1 {[%emt 0:01:06]} h6 {[%emt 0:02:23]} 27. b4 {[%emt 0:01:04]} a6 {[%emt 0:00:21]} 28. a4 {[%emt 0:01:40]} Kd6 {[%emt 0:03:42]} 29. Bc4 {[%emt 0:05:03]} Rf5 {[%emt 0:01:16]} 30. Bf1 {[%emt 0:00:34]} Re8 {[%emt 0:04:14]} 31. Rbc1 {[%emt 0:05:02]} a5 {[%emt 0:03:22]} 32. b5 {[%emt 0:04:31]} cxb5 {[%emt 0:04:41]} 33. Bxb5 {[%emt 0:00:12]} Re7 {[%emt 0:00:06]} 34. Bf1 {[%emt 0:02:35]} Bd7 {[%emt 0:02:03]} 35. Bh3 {[%emt 0:01:26]} Rd5 {[%emt 0:00:07]} 36. Bxd7 {[%emt 0:00:11]} Rxd7 {[%emt 0:00:03]} 37. Rb1 {[%emt 0:00:54]} b5 {[%emt 0:02:51]} 38. Rxb5 {[%emt 0:06:34]} Rxb5 {[%emt 0:00:03]} 39. axb5 {[%emt 0:00:05]} a4 {[%emt 0:01:14]} 40. Rc6+ {[%emt 0:01:55]} Kd5 {[%emt 0:02:22]} 41. Ra6 {[%emt 0:01:45]} Kc4 {[%emt 0:00:36]} 42. Rxa4+ {[%emt 0:00:04]} Kxb5 {[%emt 0:00:05]} 43. Ra8 {[%emt 0:00:07]} f5 {[%emt 0:00:17]} 44. Rc8 {[%emt 0:00:44]} Rd5 {[%emt 0:00:17]} 45. Rc7 {[%emt 0:00:18]} f4 {[%emt 0:00:21]} 46. gxf4 {[%emt 0:00:34]} Rf5 {[%emt 0:00:46]} 47. Re7 {[%emt 0:00:08]} Kc4 {[%emt 0:00:07]} 48. Ke2 {[%emt 0:00:07]} f6 {[%emt 0:00:08]} 49. Rxe4 {[%emt 0:00:10]} Rh5 {[%emt 0:00:02]} 50. Re6 {[%emt 0:00:07]} f5 {[%emt 0:00:05]} 51. Rf6 {[%emt 0:00:13]} Rxh4 {[%emt 0:00:05]} 52. Rxf5 {[%emt 0:00:05]} 1-0

[Event "EYCC Open U20 2021"]
[Site "Tornelo"]
[Date "2021.10.15"]
[Round "3.4"]
[White "Sokolovsky, Yahli"]
[Black "Ibrahimli, Murad"]
[Result "0-1"]
[WhiteElo "2422"]
[BlackElo "2435"]
[Annotator "NA"]
[PlyCount "94"]
[EventDate "2021.10.15"]
[EventType "swiss"]
[EventCountry "NET"]
[SourceTitle "playchess.com"]
[Source "ChessBase"]
[SourceQuality "1"]
[TimeControl "5400+30"]

1. e4 {[%emt 0:00:30]} c5 {[%emt 0:00:32]} 2. Nf3 {[%emt 0:00:04]} d6 {[%emt 0:00:04]} 3. Bb5+ {[%emt 0:00:04]} Nd7 {[%emt 0:00:06]} 4. O-O {[%emt 0:00:22]} Ngf6 {[%emt 0:00:11]} 5. Re1 {[%emt 0:00:05]} a6 {[%emt 0:01:05]} 6. Bf1 {[%emt 0:00:40]} b6 {[%emt 0:01:47]} 7. d4 {[%emt 0:10:13]} cxd4 {[%emt 0:00:05]} 8. Nxd4 {[%emt 0:01:04]} Bb7 {[%emt 0:00:06]} 9. f3 {[%emt 0:07:52]} e6 {[%emt 0:00:36]} 10. c4 {[%emt 0:00:47]} Be7 {[%emt 0:00:04]} 11. Be3 {[%emt 0:02:26]} O-O {[%emt 0:00:05]} 12. Nc3 {[%emt 0:01:33]} Rc8 {[%emt 0:00:14]} 13. Qd2 {[%emt 0:03:27]} Qc7 {[%emt 0:00:09]} 14. Rac1 {[%emt 0:03:35]} Qb8 {[%emt 0:00:13]} 15. Qf2 {[%emt 0:10:30]} Kh8 {[%emt 0:00:32]} 16. Kh1 {[%emt 0:05:49]} Rg8 {[%emt 0:00:04]} 17. Nb3 {[%emt 0:06:15]} Bd8 {[%emt 0:00:23]} 18. Rcd1 {[%emt 0:04:48]} Bc7 {[%emt 0:01:11]} 19. g4 {[%emt 0:01:03]} g5 {[%emt 0:02:19]} 20. Nc1 {[%emt 0:09:24]} h5 {[%emt 0:00:26]} 21. gxh5 {[%emt 0:07:15]} g4 {[%emt 0:01:41]} 22. Bd4 {[%emt 0:09:22]} Qa8 {[%emt 0:05:17]} 23. Bd3 {[%emt 0:05:34]} Rg7 {[%emt 0:05:13]} 24. N1e2 {[%emt 0:03:29]} Ne5 {[%emt 0:01:26]} 25. Ng3 {[%emt 0:04:51]} gxf3 {[%emt 0:00:34]} 26. Bxe5 {[%emt 0:00:17]} dxe5 {[%emt 0:00:04]} 27. Qxf3 {[%emt 0:00:17]} Ng4 {[%emt 0:00:25]} 28. h6 {[%emt 0:01:07]} Nxh6 {[%emt 0:00:24]} 29. Nh5 {[%emt 0:00:39]} Rg6 {[%emt 0:00:04]} 30. Rg1 {[%emt 0:01:25]} Rcg8 {[%emt 0:00:05]} 31. Ne2 {[%emt 0:00:38]} Qd8 {[%emt 0:00:28]} 32. Rg3 {[%emt 0:00:27]} Rxg3 {[%emt 0:00:21]} 33. Nexg3 {[%emt 0:00:36]} f5 {[%emt 0:00:04]} 34. Bc2 {[%emt 0:00:29]} Qe7 {[%emt 0:00:45]} 35. Ne2 {[%emt 0:00:26]} Qh4 {[%emt 0:00:17]} 36. Nhg3 {[%emt 0:00:35]} Ng4 {[%emt 0:00:13]} 37. Kg1 {[%emt 0:00:09]} Qxh2+ {[%emt 0:00:07]} 38. Kf1 {[%emt 0:00:03]} f4 {[%emt 0:00:01]} 39. Rd7 {[%emt 0:00:23]} Ne3+ {[%emt 0:03:01]} 40. Ke1 {[%emt 0:00:03]} Nxc2+ {[%emt 0:00:03]} 41. Kd2 {[%emt 0:00:30]} Nd4 {[%emt 0:00:06]} 42. Qh5+ {[%emt 0:00:36]} Qxh5 {[%emt 0:00:11]} 43. Nxh5 {[%emt 0:00:02]} Rd8 {[%emt 0:00:10]} 44. Rf7 {[%emt 0:00:51]} Bxe4 {[%emt 0:00:28]} 45. Nf6 {[%emt 0:00:16]} Nxe2+ {[%emt 0:00:04]} 46. Kxe2 {[%emt 0:00:06]} Bd3+ {[%emt 0:00:03]} 47. Kf3 {[%emt 0:00:12]} Bd6 {[%emt 0:00:04]} 0-1

[Event "EYCC Open U20 2021"]
[Site "Tornelo"]
[Date "2021.10.15"]
[Round "3.5"]
[White "Melaugh, Shane"]
[Black "Ben Ari, Yannay"]
[Result "1/2-1/2"]
[WhiteElo "2175"]
[BlackElo "2416"]
[Annotator "TA"]
[PlyCount "38"]
[EventDate "2021.10.15"]
[EventType "swiss"]
[EventCountry "NET"]
[SourceTitle "playchess.com"]
[Source "ChessBase"]
[SourceQuality "1"]

{[%evp 9,38,10,20,14,20,0,0,0,0,0,0,0,11,10,12,0,0,-7,-7,-19,0,0,0,0,0,0,0,-7,0,0,20]} 1. c4 e5 2. Nc3 Bb4 3. g3 Bxc3 4. bxc3 d6 5. Bg2 Ne7 {The position is equal.} 6. d3 {A21: English Opening: 1...e5 2 Nc3.} O-O 7. f4 exf4 8. Bxf4 Ng6 {[#]} 9. Qd2 $146 ({Predecessor:} 9. Nf3 Nxf4 10. gxf4 Qf6 11. Qd2 Qg6 12. e4 Nc6 13. O-O f5 14. e5 dxe5 15. Nxe5 Nxe5 16. fxe5 {0-1 (45) Gutierrez Olivares,D (2366)-Garcia Blanco,O (2253) Vecindario 2013}) 9... c5 10. Nf3 Nc6 11. O-O Qe7 12. e4 Be6 13. Ng5 Bd7 14. Rae1 f6 15. Nh3 Nge5 16. Be3 Rae8 17. Nf4 Qd8 18. Nd5 Qc8 19. Bf4 b6 {An uneventful encounter.  Weighted Error Value: White=0.05/Black=0.03} 1/2-1/2

[Event "EYCC Open U20 2021"]
[Site "Tornelo"]
[Date "2021.10.15"]
[Round "3.6"]
[White "Nordquelle, Daniel"]
[Black "Leisch, Lukas"]
[Result "0-1"]
[WhiteElo "2143"]
[BlackElo "2406"]
[Annotator "NA"]
[PlyCount "82"]
[EventDate "2021.10.15"]
[EventType "swiss"]
[EventCountry "NET"]
[SourceTitle "playchess.com"]
[Source "ChessBase"]
[SourceQuality "1"]
[TimeControl "5400+30"]

1. e4 {[%emt 0:00:30]} g6 {[%emt 0:00:35]} 2. d4 {[%emt 0:00:42]} Bg7 {[%emt 0:00:05]} 3. Nc3 {[%emt 0:00:10]} d6 {[%emt 0:00:03]} 4. Be3 {[%emt 0:02:50]} a6 {[%emt 0:00:11]} 5. Qd2 {[%emt 0:08:05]} b5 {[%emt 0:00:06]} 6. f3 {[%emt 0:00:05]} Nd7 {[%emt 0:01:16]} 7. h4 {[%emt 0:01:33]} h5 {[%emt 0:00:35]} 8. Nh3 {[%emt 0:02:59]} Bb7 {[%emt 0:01:08]} 9. O-O-O {[%emt 0:01:14]} Ngf6 {[%emt 0:03:05]} 10. Nf4 {[%emt 0:10:14]} Nb6 {[%emt 0:10:45]} 11. Kb1 {[%emt 0:26:05]} Rb8 {[%emt 0:17:40]} 12. Bd3 {[%emt 0:09:41]} Nfd7 {[%emt 0:04:25]} 13. Qf2 {[%emt 0:04:51]} Qc8 {[%emt 0:04:35]} 14. g4 {[%emt 0:05:59]} c5 {[%emt 0:01:12]} 15. gxh5 {[%emt 0:03:16]} gxh5 {[%emt 0:01:08]} 16. Rhg1 {[%emt 0:03:36]} Bf6 {[%emt 0:03:09]} 17. Ncd5 {[%emt 0:03:05]} Bxd5 {[%emt 0:04:04]} 18. exd5 {[%emt 0:01:43]} c4 {[%emt 0:01:46]} 19. Bf5 {[%emt 0:00:14]} Qb7 {[%emt 0:00:41]} 20. Rg2 {[%emt 0:04:39]} Kd8 {[%emt 0:06:11]} 21. Rdg1 {[%emt 0:01:27]} Kc7 {[%emt 0:00:05]} 22. Be6 {[%emt 0:01:04]} Rbf8 {[%emt 0:00:31]} 23. Bxf7 {[%emt 0:00:31]} Rxf7 {[%emt 0:00:09]} 24. Ne6+ {[%emt 0:00:04]} Kb8 {[%emt 0:00:20]} 25. Rg8+ {[%emt 0:00:06]} Rxg8 {[%emt 0:01:23]} 26. Rxg8+ {[%emt 0:00:04]} Ka7 {[%emt 0:00:19]} 27. Nd8 {[%emt 0:00:35]} Qxd5 {[%emt 0:00:10]} 28. Nxf7 {[%emt 0:00:08]} Qxf7 {[%emt 0:00:07]} 29. Rg1 {[%emt 0:02:01]} Qd5 {[%emt 0:02:43]} 30. c3 {[%emt 0:01:08]} Qf5+ {[%emt 0:00:49]} 31. Kc1 {[%emt 0:00:39]} Nd5 {[%emt 0:00:29]} 32. Bg5 {[%emt 0:00:28]} Nf4 {[%emt 0:05:08]} 33. Qe3 {[%emt 0:02:15]} Nd3+ {[%emt 0:00:11]} 34. Kb1 {[%emt 0:00:03]} d5 {[%emt 0:01:45]} 35. Ka1 {[%emt 0:00:43]} b4 {[%emt 0:09:20]} 36. Bxf6 {[%emt 0:02:54]} Qxf6 {[%emt 0:00:07]} 37. cxb4 {[%emt 0:01:27]} Nxb4 {[%emt 0:01:04]} 38. Qc3 {[%emt 0:01:20]} Qd6 {[%emt 0:02:03]} 39. b3 {[%emt 0:00:25]} Qh2 {[%emt 0:02:08]} 40. Qxb4 {[%emt 0:00:20]} Qxg1+ {[%emt 0:00:04]} 41. Kb2 {[%emt 0:00:11]} Qxd4+ {[%emt 0:00:18]} 0-1

[Event "EYCC Open U20 2021"]
[Site "Tornelo"]
[Date "2021.10.15"]
[Round "3.8"]
[White "Stoleriu, George"]
[Black "Kirilmaz, Emre"]
[Result "1-0"]
[WhiteElo "2373"]
[BlackElo "2147"]
[Annotator "NA"]
[PlyCount "77"]
[EventDate "2021.10.15"]
[EventType "swiss"]
[EventCountry "NET"]
[SourceTitle "playchess.com"]
[Source "ChessBase"]
[SourceQuality "1"]
[TimeControl "5400+30"]

1. e4 {[%emt 0:00:30]} Nf6 {[%emt 0:00:36]} 2. e5 {[%emt 0:00:07]} Nd5 {[%emt 0:00:14]} 3. c4 {[%emt 0:00:07]} Nb6 {[%emt 0:00:05]} 4. d4 {[%emt 0:00:06]} d6 {[%emt 0:00:06]} 5. f4 {[%emt 0:00:05]} g6 {[%emt 0:00:07]} 6. Nc3 {[%emt 0:00:38]} Bg7 {[%emt 0:00:16]} 7. Be3 {[%emt 0:00:09]} Be6 {[%emt 0:00:08]} 8. Nf3 {[%emt 0:00:33]} O-O {[%emt 0:00:16]} 9. Qb3 {[%emt 0:00:23]} dxe5 {[%emt 0:08:10]} 10. fxe5 {[%emt 0:02:56]} Bg4 {[%emt 0:17:28]} 11. Be2 {[%emt 0:13:05]} Nc6 {[%emt 0:04:01]} 12. Rd1 {[%emt 0:02:50]} Bxf3 {[%emt 0:12:45]} 13. gxf3 {[%emt 0:00:12]} e6 {[%emt 0:01:06]} 14. O-O {[%emt 0:12:09]} Ne7 {[%emt 0:25:38]} 15. Ne4 {[%emt 0:01:25]} h6 {[%emt 0:01:30]} 16. Ng3 {[%emt 0:01:27]} Nf5 {[%emt 0:03:24]} 17. Nxf5 {[%emt 0:00:58]} gxf5 {[%emt 0:00:10]} 18. Kh1 {[%emt 0:01:32]} Kh7 {[%emt 0:00:12]} 19. Rg1 {[%emt 0:01:35]} Rg8 {[%emt 0:02:20]} 20. f4 {[%emt 0:06:18]} Qh4 {[%emt 0:01:33]} 21. Bf3 {[%emt 0:02:24]} c6 {[%emt 0:02:01]} 22. a4 {[%emt 0:13:04]} Rab8 {[%emt 0:01:28]} 23. a5 {[%emt 0:00:42]} Nd7 {[%emt 0:00:06]} 24. Qc2 {[%emt 0:06:03]} Nf8 {[%emt 0:03:43]} 25. d5 {[%emt 0:05:47]} Ng6 {[%emt 0:00:31]} 26. dxe6 {[%emt 0:03:04]} fxe6 {[%emt 0:00:16]} 27. Rd7 {[%emt 0:00:28]} Nxf4 {[%emt 0:02:05]} 28. Bf2 {[%emt 0:00:31]} Qh3 {[%emt 0:07:37]} 29. Bg4 {[%emt 0:00:07]} Rbd8 {[%emt 0:01:29]} 30. Rxd8 {[%emt 0:00:44]} Rxd8 {[%emt 0:00:13]} 31. Bxh3 {[%emt 0:00:12]} Nxh3 {[%emt 0:00:08]} 32. Re1 {[%emt 0:01:05]} Bf8 {[%emt 0:01:02]} 33. Be3 {[%emt 0:01:05]} Bb4 {[%emt 0:00:40]} 34. Rd1 {[%emt 0:00:20]} Rg8 {[%emt 0:00:06]} 35. Qe2 {[%emt 0:01:03]} Rg4 {[%emt 0:01:28]} 36. Qf3 {[%emt 0:00:18]} Ng5 {[%emt 0:00:19]} 37. Bxg5 {[%emt 0:00:07]} hxg5 {[%emt 0:00:09]} 38. Rg1 {[%emt 0:00:12]} Rf4 {[%emt 0:00:25]} 39. Qh5+ {[%emt 0:00:05]} 1-0

[Event "EYCC Open U20 2021"]
[Site "Tornelo"]
[Date "2021.10.15"]
[Round "3.9"]
[White "Pliukha, Myhajlo"]
[Black "Crevatin, Leo"]
[Result "1-0"]
[WhiteElo "2217"]
[BlackElo "2275"]
[Annotator "NA"]
[PlyCount "81"]
[EventDate "2021.10.15"]
[EventType "swiss"]
[EventCountry "NET"]
[SourceTitle "playchess.com"]
[Source "ChessBase"]
[SourceQuality "1"]
[TimeControl "5400+30"]

1. e4 {[%emt 0:00:30]} c5 {[%emt 0:00:43]} 2. Nc3 {[%emt 0:00:15]} Nc6 {[%emt 0:00:40]} 3. Nf3 {[%emt 0:00:06]} e5 {[%emt 0:01:15]} 4. Bc4 {[%emt 0:01:23]} Be7 {[%emt 0:00:08]} 5. Nd5 {[%emt 0:02:20]} Nf6 {[%emt 0:02:29]} 6. d3 {[%emt 0:00:55]} d6 {[%emt 0:03:08]} 7. c3 {[%emt 0:02:15]} O-O {[%emt 0:04:12]} 8. O-O {[%emt 0:06:22]} Nxd5 {[%emt 0:05:44]} 9. Bxd5 {[%emt 0:00:13]} Bg4 {[%emt 0:02:57]} 10. h3 {[%emt 0:00:40]} Bh5 {[%emt 0:02:00]} 11. g4 {[%emt 0:01:26]} Bg6 {[%emt 0:00:26]} 12. Ne1 {[%emt 0:04:02]} Bg5 {[%emt 0:19:16]} 13. Ng2 {[%emt 0:06:37]} Bxc1 {[%emt 0:03:46]} 14. Rxc1 {[%emt 0:00:05]} Ne7 {[%emt 0:01:57]} 15. Qb3 {[%emt 0:08:45]} Kh8 {[%emt 0:04:19]} 16. f4 {[%emt 0:07:03]} f6 {[%emt 0:13:32]} 17. Be6 {[%emt 0:13:09]} Rb8 {[%emt 0:02:37]} 18. Rcd1 {[%emt 0:03:18]} b5 {[%emt 0:02:38]} 19. Qc2 {[%emt 0:02:22]} Qb6 {[%emt 0:02:13]} 20. Kh2 {[%emt 0:02:52]} b4 {[%emt 0:03:02]} 21. h4 {[%emt 0:04:30]} Be8 {[%emt 0:04:35]} 22. h5 {[%emt 0:07:37]} bxc3 {[%emt 0:02:56]} 23. bxc3 {[%emt 0:00:05]} Bc6 {[%emt 0:03:35]} 24. Rb1 {[%emt 0:03:15]} Qc7 {[%emt 0:00:58]} 25. Rxb8 {[%emt 0:00:37]} Rxb8 {[%emt 0:00:16]} 26. g5 {[%emt 0:00:11]} d5 {[%emt 0:04:36]} 27. h6 {[%emt 0:02:24]} Ng6 {[%emt 0:05:03]} 28. f5 {[%emt 0:09:49]} Nf4 {[%emt 0:00:57]} 29. Nxf4 {[%emt 0:01:00]} exf4 {[%emt 0:00:14]} 30. exd5 {[%emt 0:00:15]} f3+ {[%emt 0:00:51]} 31. Kh3 {[%emt 0:00:53]} fxg5 {[%emt 0:03:19]} 32. Rxf3 {[%emt 0:02:08]} Be8 {[%emt 0:00:33]} 33. f6 {[%emt 0:03:17]} gxf6 {[%emt 0:01:00]} 34. Rxf6 {[%emt 0:00:05]} Qe7 {[%emt 0:00:51]} 35. Qf2 {[%emt 0:00:15]} Bd7 {[%emt 0:00:40]} 36. Qf5 {[%emt 0:00:28]} g4+ {[%emt 0:00:29]} 37. Kg2 {[%emt 0:04:44]} Rb2+ {[%emt 0:00:20]} 38. Kf1 {[%emt 0:00:07]} Rb1+ {[%emt 0:00:25]} 39. Ke2 {[%emt 0:00:06]} Rb2+ {[%emt 0:00:17]} 40. Ke3 {[%emt 0:00:31]} Rb8 {[%emt 0:01:00]} 41. Rf7 {[%emt 0:00:30]} 1-0

[Event "EYCC Open U20 2021"]
[Site "Tornelo"]
[Date "2021.10.15"]
[Round "3.10"]
[White "Kalogridis, Antonios"]
[Black "Bruaset, Eivind"]
[Result "1/2-1/2"]
[WhiteElo "2275"]
[BlackElo "2200"]
[Annotator "NA"]
[PlyCount "48"]
[EventDate "2021.10.15"]
[EventType "swiss"]
[EventCountry "NET"]
[SourceTitle "playchess.com"]
[Source "ChessBase"]
[SourceQuality "1"]
[TimeControl "5400+30"]

1. d4 {[%emt 0:00:30]} Nf6 {[%emt 0:00:47]} 2. c4 {[%emt 0:00:08]} e6 {[%emt 0:00:13]} 3. Nc3 {[%emt 0:00:06]} Bb4 {[%emt 0:00:08]} 4. f3 {[%emt 0:00:02]} c5 {[%emt 0:00:27]} 5. d5 {[%emt 0:00:04]} b5 {[%emt 0:00:29]} 6. e4 {[%emt 0:00:04]} O-O {[%emt 0:00:33]} 7. e5 {[%emt 0:00:10]} exd5 {[%emt 0:00:18]} 8. cxd5 {[%emt 0:01:11]} Re8 {[%emt 0:06:49]} 9. f4 {[%emt 0:08:03]} d6 {[%emt 0:05:09]} 10. Bxb5 {[%emt 0:09:39]} Bd7 {[%emt 0:02:11]} 11. Bc4 {[%emt 0:05:11]} Ne4 {[%emt 0:13:34]} 12. Nf3 {[%emt 0:14:59]} dxe5 {[%emt 0:06:18]} 13. fxe5 {[%emt 0:04:38]} Nxc3 {[%emt 0:08:41]} 14. bxc3 {[%emt 0:00:07]} Bxc3+ {[%emt 0:00:41]} 15. Bd2 {[%emt 0:00:12]} Bxe5 {[%emt 0:06:14]} 16. O-O {[%emt 0:01:28]} Bg4 {[%emt 0:06:37]} 17. Rb1 {[%emt 0:04:13]} Qd6 {[%emt 0:06:39]} 18. Nxe5 {[%emt 0:07:52]} Bxd1 {[%emt 0:08:49]} 19. Nxf7 {[%emt 0:00:07]} Qg6 {[%emt 0:00:37]} 20. d6 {[%emt 0:03:42]} Qxb1 {[%emt 0:01:43]} 21. Nh6+ {[%emt 0:00:30]} Kh8 {[%emt 0:00:11]} 22. Nf7+ {[%emt 0:00:57]} Kg8 {[%emt 0:00:05]} 23. Ne5+ {[%emt 0:01:49]} Kh8 {[%emt 0:00:41]} 24. Nf7+ {[%emt 0:00:09]} Kg8 {[%emt 0:00:04]} 1/2-1/2